Euthanasia : the moral issues /

Bibliographic Details
Other Authors: Baird, Robert M., 1937-, Rosenbaum, Stuart E.
Format: Book
Language:English
Published: Buffalo, N.Y. : Prometheus Books, 1989.
Series:Contemporary issues in philosophy.
Subjects:

MARC

Tag First Indicator Second Indicator Subfields
LEADER 00000cam a2200000 a 4500
001 in00004452014
005 20210818134922.0
008 890828s1989 nyu b 00000 eng c
010 |a  89024042  
020 |a 0879755555 (pbk.) :  |c $11.95 
035 |a (OCoLC)20357946 
035 |9 AAA0739MS 
035 |z (UtOrBLW)235 
035 |a 817 
040 |a DNLM/DLC  |c DLC  |d TMV  |d UtOrBLW 
049 |a TMVM  |c 1 
050 0 0 |a R726  |b .E794 1989 
060 0 |a W 50 E887 
060 4 |a W 50  |b E887 1989 
082 0 0 |a 179/.7  |2 20 
245 0 0 |a Euthanasia :  |b the moral issues /  |c edited by Robert M. Baird and Stuart E. Rosenbaum. 
264 1 |a Buffalo, N.Y. :  |b Prometheus Books,  |c 1989. 
300 |a 182 pages ;  |c 22 cm. 
336 |a text  |2 rdacontent  |b txt 
337 |a unmediated  |2 rdamedia 
338 |a volume  |2 rdacarrier  |b nc 
490 1 |a Contemporary issues in philosophy 
504 |a Includes bibliographies. 
650 2 |a Ethics, Medical. 
650 2 |a Euthanasia. 
700 1 |a Baird, Robert M.,  |d 1937- 
700 1 |a Rosenbaum, Stuart E. 
830 0 |a Contemporary issues in philosophy. 
999 |a MARS 
999 f f |s 147b8a8d-5152-3012-8644-2e056feff53c  |i 53b1af15-9279-3275-a55b-4afe0b8adbcf  |t 0 
952 f f |p ric  |a Texas A&M University  |b Rellis Campus  |c Joint Library Facility  |d Remote Storage  |t 0  |e W 50 E887 1989  |h National Library of Medicine classification  |i unmediated -- volume  |m 3238900900731 
998 f f |a W 50 E887 1989  |t 0  |l Remote Storage